| 000 | 00637nam a2200241Ia 4500 | ||
|---|---|---|---|
| 008 | 170203s9999 xx 000 0 und d | ||
| 020 | _a1844433781 | ||
| 050 | _a709.41 | ||
| 050 | _b.L283v 2005 | ||
| 100 | _aLangley, Andrew, 1949- | ||
| 245 | _aVictorian Britain/ | ||
| 245 | _cAndrew Langley. | ||
| 260 | _aChicago, Illinois : | ||
| 260 | _bRaintree, | ||
| 260 | _c2005 | ||
| 300 | _a48 pages : | ||
| 300 | _bcol. ill. ; | ||
| 300 | _c29 cm. | ||
| 440 | _aHistory in art. | ||
| 500 | _aIncludes bibliographical references (p. 47) and index. | ||
| 650 | _aArt, Victorian Britain-- | ||
| 650 | _xJuvenile literature. | ||
| 999 |
_c305509 _d305509 |
||